| 000 | 00387pam a2200157a 44500 | ||
|---|---|---|---|
| 008 | 230515b2015 xxu||||| |||| 00| 0 eng d | ||
| 020 | _aNULL | ||
| 041 | _aENGLISH | ||
| 082 | _a620.00151825RED | ||
| 100 | _aREDDY J | ||
| 245 | _aINTRODUCTION TO FINITE ELEMENT METHOD | ||
| 250 | _a22 ED | ||
| 260 |
_aNEW DELHI _bTATA MCGRAW-HILL _c2015 |
||
| 300 | _aXIII/766PB | ||
| 650 | _aNULL | ||
| 999 |
_c664935 _d664935 |
||